00515nam a2200181 a 450000100060000000300090000600800410001502000150005604000280007108200180009910000190011724500790013626000400021530000110025549000230026665000210028965000230031016376CO-ViMGA141112s2004 ck r 000 u spa d a9583005592 aCO-ViMGAbspacCO-ViMGA04a808.543 R621p1 aRodari, Gianni10aGramática de la fantasía : bIntroducción a arte de contar historias aBogotá : bPanAméricana, c1999 a232.p. aColección Ensayo14aARTE DE ESCRIBIR14aCREACION LITERARIA